Essential French Verbs - Statistics

General Stats
  • This quiz has been taken 23 times
  • The average score is 84 of 200
Answer Stats
Hint Answer % Correct
Être To Be
100%
Accepter To Accept
95%
Finir To Finish
95%
Détester To Hate
95%
Voir To See
89%
Préférer To Prefer
79%
Lire To Read
79%
Filmer To Film
74%
Organiser To Organise
74%
Signer To Sign
74%
Parler To Speak
74%
Vouloir To want
74%
Changer To Change
68%
Cuisiner To Cook
68%
Danser To Dance
68%
Découvrir To Discover
68%
Boire To Drink
68%
Expliquer To Explain
68%
Aller To Go
68%
Aider To Help
68%
Adorer To Love
68%
Mesurer To Measure
68%
Offrir To Offer
68%
Ouvrir To Open
68%
Mettre To Put
68%
Nager To Swim
68%
Travailler To Work
68%
Écrire To Write
68%
Attaquer To Attack
63%
Calculer To Calculate
63%
Se Défendre To Defend
63%
Mourir To Die
63%
Faire To Do
63%
Griller To Grill
63%
Inventer To Invent
63%
Rire To Laugh
63%
Vivre To Live
63%
Peindre To Paint
63%
Payer To Pay
63%
Photographier To Photograph
63%
Jouer To Play
63%
Préparer To Prepare
63%
Recycler To Recycle
63%
Répéter To Repeat
63%
Dire To Say
63%
Envoyer To Send
63%
Voyager To Travel
63%
Comprendre To Understand
63%
Marcher To Walk
63%
Se Laver To Wash
63%
Fermer To Close
58%
Venir To Come
58%
Confirmer To Confirm
58%
Conduire To Drive
58%
Manger To Eat
58%
Descendre To Go Down
58%
Sortir To Go Out
58%
Avoir To Have
58%
Investir To Invest
58%
Savoir To Know
58%
Apprendre To Learn
58%
Aimer To Like
58%
Courir To Run
58%
Servir To Serve
58%
Chanter To Sing
58%
Dormir To Sleep
58%
Arrêter To Stop
58%
Penser To Think
58%
Essayer To Try
58%
Visiter To Visit
58%
Gagner To Win
58%
Répondre To Answer
53%
Décider To Decide
53%
Divorcer To Divorce
53%
Dessiner To Draw
53%
Trouver To Find
53%
Oublier To Forget
53%
Partir To Leave
53%
Perdre To Lose
53%
Se Marier To Marry / To Get Married
53%
Refuser To Refuse
53%
Chercher To Search
53%
Souffrir To Suffer
53%
Acheter To Buy
47%
Téléphoner To Call
47%
Compter To Count
47%
Pleurer To Cry
47%
Dessiner To Draw
47%
Tomber To Fall
47%
Voler To Fly / To Steal
47%
Devoir To Have To
47%
Entendre To Hear
47%
Sauter To Jump
47%
Imprimer To Print
47%
Réparer To Repair
47%
Sauver To Save
47%
Prendre To Take
47%
Naître To be Born
42%
Apporter To Bring
42%
Nettoyer To Clean
42%
Connaître To Know
42%
Programmer To Program
42%
Promettre To Promise
42%
Vendre To Sell
42%
Sourire To Smile
42%
Porter To Wear
42%
Accélérer To Accelerate
37%
Pouvoir To Be Able To
37%
Se Battre To Fight
37%
Se Coucher To Go To Bed
37%
Cacher To Hide
37%
Embrasser To Kiss
37%
Mentir To Lie
37%
Rentrer To Return
37%
Se Raser To Shave
37%
Montrer To Show
37%
Goûter To Taste
37%
Jeter To Throw
37%
Attendre To Wait
37%
Regarder To Watch
37%
Casser To Break
32%
Casser To Break
32%
Construire To Build
32%
Plonger To Dive
32%
Échanger To Exchange
32%
Flotter To Float
32%
Suivre To Follow
32%
Grandir To Grow Up
32%
Tenir To Hold
32%
Sauter To Jump
32%
Garder To Keep
32%
Polluer To Pollute
32%
Pousser To Push
32%
Se Souvenir To Remember
32%
Économiser To Save
32%
Enseigner To Teach
32%
Raconter To Tell
32%
Peser To Weigh
32%
S’inquiéter To Worry
32%
Agir To Act
26%
Annuler To Cancel
26%
Créer To Create
26%
Sécher To Dry
26%
Se Lever To Get Up
26%
Coller To Glue / To Stick
26%
Se Cacher To Hide
26%
Klaxonner To Honk
26%
Tricoter To Knit
26%
Rencontrer To Meet
26%
Protéger To Protect
26%
Briller To Shine
26%
Tirer To Shoot / To Pull
26%
Ajouter To Add
21%
Saigner To Bleed
21%
Tousser To Cough
21%
Pardonner To Forgive
21%
Tuer To Kill
21%
Se Reposer To Rest
21%
Dépenser To Spend
21%
Jurer To Swear
21%
Déchirer To Tear
21%
Promener To Walk
21%
Peser To Weigh
21%
Viellir To Age
16%
Se Disputer To Argue
16%
Équilibrer To Balance
16%
Choisir To Chose
16%
Grimper To Climb
16%
Télécharger To Download
16%
Plier To Fold
16%
Rendre To Give Back
16%
Monter To Go Up
16%
Garer To Park
16%
Allumer To Turn On
16%
S’excuser To Apologise
11%
Diffuser To Broadcast
11%
Avouer To Confess
11%
S’habiller To Get Dressed
11%
Se Blesser To Get Hurt
11%
Atterrir To Land
11%
Se Maquiller To Put on Makeup
11%
Ronfler To Snore
11%
Soutenir To Support
11%
Se Balancer To Swing
11%
Décoller To Take Off
11%
Menacer To Threaten
11%
Soigner To Treat / To Heal
11%
Éteindre To Turn Off
11%
Guerroyer To Wage War
11%
Enregistrer To Record
5%
Enlever To Remove
5%
Ranger To Tidy Up
5%
Freiner To Braker
0%
Bricoler To Fix
0%
Déménager To Move Houses
0%
Négocier To Negociate
0%
Couler To Sink
0%
Sauter To Skip
0%
Coudre To Sow
0%
Surfer To Surf the Web
0%
No matching quizzes found
Score Distribution
Percent of People with Each Score
Percentile by Number Answered
Your Score History
You have not taken this quiz